[Event "Olympiad Women-45"]
[Site "Budapest"]
[Date "2024.09.19"]
[Round "8.2"]
[White "Frayna, Janelle Mae"]
[Black "Yildiz Kadioglu, Betul Cemre"]
[Result "1/2-1/2"]
[WhiteElo "2216"]
[BlackElo "2314"]
[PlyCount "104"]
[EventDate "2024.09.11"]
[EventType "team-swiss"]
[EventRounds "11"]
[EventCountry "HUN"]
[SourceTitle "EXT 2025"]
[Source "ChessBase"]
[SourceDate "2024.10.14"]
[SourceVersion "1"]
[SourceVersionDate "2024.10.14"]
[SourceQuality "1"]
[WhiteTeam "Philippines (W)"]
[BlackTeam "Turkey (W)"]
[WhiteTeamCountry "PHI"]
[BlackTeamCountry "TUR"]

1. c4 c6 2. d4 d5 3. Nf3 Nf6 4. g3 g6 5. Qa4 Nbd7 6. cxd5 Nb6 7. Qb3 cxd5 8. Bg2 Bg7 9. Nc3 0-0 10. 0-0 Ne4 11. Bf4 Nxc3 12. Qxc3 Bf5 13. Rac1 Qd7 14. Qb4 Rfc8 15. b3 Qe6 16. Qd2 Rxc1 17. Rxc1 Rc8 18. Rxc8+ Nxc8 19. Nh4 b6 20. Nxf5 gxf5 21. Qc3 Nd6 22. Qc6 Bxd4 23. e3 Bc5 24. Bxd5 Qc8 25. Qxc8+ Nxc8 26. Bb7 Nd6 27. Ba6 f6 28. Bxd6 Bxd6 29. Bc8 f4 30. Be6+ Kg7 31. exf4 Bc5 32. Kg2 a5 33. f3 Bd4 34. h4 h6 35. Kf1 Bc5 36. Ke2 Bd4 37. h5 Bc5 38. Bc4 Bd6 39. Ke3 e5 40. f5 Bc5+ 41. Ke2 Bd6 42. Bd5 Bc5 43. Bc6 Bb4 44. Kd3 Be1 45. g4 Bf2 46. Be4 Bg1 47. Bc6 Bf2 48. Ke4 Bg1 49. f4 exf4 50. Kxf4 Bd4 51. Ke4 Bc3 52. Kd5 Bd2 1/2-1/2

[Event "TUR-chT"]
[Site "Ankara"]
[Date "2024.07.21"]
[Round "9.5"]
[White "Seker, Bilgesu"]
[Black "Yildiz Kadioglu, Betul Cemre"]
[Result "0-1"]
[WhiteElo "1894"]
[BlackElo "2368"]
[PlyCount "110"]
[EventDate "2024.07.14"]
[EventType "team-tourn"]
[EventRounds "15"]
[EventCountry "TUR"]
[SourceTitle "EXT 2025"]
[Source "ChessBase"]
[SourceDate "2024.10.14"]
[SourceVersion "1"]
[SourceVersionDate "2024.10.14"]
[SourceQuality "1"]
[WhiteTeam "Beyazkale Dernegi"]
[BlackTeam "Pamukkale Universiteli"]
[WhiteTeamCountry "TUR"]
[BlackTeamCountry "TUR"]

1. c4 e6 2. g3 d5 3. Bg2 Nf6 4. Nf3 Be7 5. e3 0-0 6. b3 c6 7. Nc3 Nbd7 8. d4 Bb4 9. Bd2 Qe7 10. 0-0 b6 11. Rc1 Ba6 12. Ne2 Ba3 13. Rc2 Rac8 14. Bc1 Ne4 15. Nd2 Nxd2 16. Bxa3 Qxa3 17. Qxd2 dxc4 18. bxc4 Rfd8 19. Rfc1 c5 20. d5 exd5 21. cxd5 Ne5 22. f4 Nc6 23. Rc3 Qa4 24. a3 Na5 25. Qc2 Qxc2 26. R1xc2 f5 27. Kf2 Nb7 28. Nd4 Nd6 29. Nc6 Rd7 30. Ne5 Rdc7 31. Rc1 Bb7 32. h3 Rd8 33. Rd3 Ne4+ 34. Bxe4 fxe4 35. d6 Rcd7 36. Nxd7 exd3 37. Ne5 Rxd6 38. Rd1 Ba6 39. Ke1 c4 40. Kd2 b5 41. g4 Kf8 42. g5 Ke7 43. Nf3 Bc8 44. Nd4 Bd7 45. Rb1 Ra6 46. Nxb5 Bxb5 47. Rxb5 Rxa3 48. Rc5 Ra2+ 49. Kd1 Rc2 50. Rc7+ Kd6 51. Rxa7 Rh2 52. Ra4 Kc5 53. Ra7 c3 54. Rc7+ Kb4 55. Rb7+ Ka5 0-1

[Event "EU-Cup Online Gr-E (Women)"]
[Site "Tornelo INT"]
[Date "2020.12.20"]
[Round "6.4"]
[White "Yildiz Kadioglu, Betul Cemre"]
[Black "Hoolt, Sarah"]
[Result "0-1"]
[WhiteElo "2362"]
[BlackElo "2313"]
[PlyCount "68"]
[EventDate "2020.12.19"]
[EventType "team-tourn (rapid)"]
[EventRounds "9"]
[EventCountry "ISS"]
[SourceTitle "CBM 199 Extra"]
[Source "ChessBase"]
[SourceDate "2021.01.31"]
[SourceVersion "1"]
[SourceVersionDate "2021.01.31"]
[SourceQuality "1"]
[WhiteTeam "Anatolia Red (W)"]
[BlackTeam "Hamburger SK (W)"]
[WhiteTeamCountry "TUR"]
[BlackTeamCountry "GER"]

1. e4 e6 2. d4 d5 3. Bd3 dxe4 4. Bxe4 Nf6 5. Bf3 Be7 6. Ne2 c5 7. Be3 0-0 8. 0-0 Nd5 9. Bxd5 Qxd5 10. Nbc3 Qc6 11. dxc5 Rd8 12. Nd4 Qxc5 13. Nb3 Qc4 14. Qh5 Nc6 15. Rfd1 e5 16. Rxd8+ Bxd8 17. Qd1 Be6 18. Nc5 Bg4 19. Qd5 Qxd5 20. Nxd5 b6 21. h3 Bc8 22. Ne4 f5 23. Nd6 Be6 24. Nc3 Be7 25. Ndb5 Rd8 26. Rd1 Rxd1+ 27. Nxd1 f4 28. Bd2 Bxa2 29. Ndc3 Be6 30. Ne4 a6 31. Nc7 Bf5 32. f3 a5 33. Nd5 Bd8 34. Bc3 Be6 0-1

[Event "Online Olym Div Top-C"]
[Site "Chess.com INT"]
[Date "2020.08.22"]
[Round "4.4"]
[White "Peptan, Corina Isabela"]
[Black "Yildiz Kadioglu, Betul Cemre"]
[Result "1-0"]
[WhiteElo "2392"]
[BlackElo "2362"]
[PlyCount "157"]
[EventDate "2020.08.21"]
[EventType "team-tourn (rapid)"]
[EventRounds "9"]
[EventCountry "USA"]
[SourceTitle "CBM 198"]
[Source "ChessBase"]
[SourceDate "2020.10.31"]
[SourceVersion "1"]
[SourceVersionDate "2020.10.31"]
[SourceQuality "1"]
[WhiteTeam "Romania"]
[BlackTeam "Turkey"]
[WhiteTeamCountry "ROU"]
[BlackTeamCountry "TUR"]

1. d4 d5 2. Nf3 c5 3. e3 Nc6 4. Bb5 Bg4 5. h3 Bxf3 6. Qxf3 a6 7. Bxc6+ bxc6 8. 0-0 e6 9. b3 cxd4 10. exd4 Nf6 11. Nc3 c5 12. dxc5 Bxc5 13. Bb2 0-0 14. Rad1 Qc7 15. Na4 Be7 16. c4 dxc4 17. Rc1 Rac8 18. Rxc4 Qa5 19. Rxc8 Rxc8 20. Qb7 Re8 21. Rd1 Nd5 22. Qa7 h6 23. Qd4 Bf6 24. Qd2 Qxd2 25. Rxd2 Bxb2 26. Nxb2 Rc8 27. Nc4 Rc5 28. g3 Kf8 29. Kg2 Ke7 30. Kf3 h5 31. h4 Nf6 32. Ne3 Rc3 33. Rd4 Nd5 34. Ra4 Nxe3 35. fxe3 Rc6 36. Ra5 g6 37. a3 Kf6 38. Kf4 Rb6 39. b4 Rc6 40. e4 Rb6 41. Rc5 Kg7 42. Rc7 Rb5 43. e5 Rb6 44. Ra7 Rc6 45. Ke4 Rb6 46. Rd7 a5 47. bxa5 Ra6 48. a4 Rxa5 49. Rd4 f6 50. exf6+ Kxf6 51. Rb4 Re5+ 52. Kf3 Ra5 53. Re4 e5 54. g4 hxg4+ 55. Kxg4 Ra8 56. Rb4 Ra6 57. Rc4 Rd6 58. a5 Ra6 59. Ra4 Ke6 60. Kf3 Kd5 61. Ke3 Kc5 62. Ke4 Kd6 63. Ra1 Ke6 64. Ra2 Kd6 65. Rd2+ Ke6 66. Rd5 Kf6 67. Rb5 Kg7 68. Kxe5 Kh6 69. Kd4 Rf6 70. Kc5 Rf5+ 71. Kb6 Rf4 72. a6 Rf6+ 73. Ka5 Rf7 74. Rc5 Re7 75. Kb6 Re6+ 76. Rc6 Re4 77. a7 Rb4+ 78. Ka5 Rb1 79. Rc4 1-0

[Event "Istanbul Redbull Masters"]
[Site "Istanbul"]
[Date "2019.11.24"]
[Round "1.4"]
[White "Ozdemir, Cemre"]
[Black "Yildiz Kadioglu, Betul Cemre"]
[Result "0-1"]
[WhiteElo "1326"]
[BlackElo "2338"]
[PlyCount "42"]
[EventDate "2019.11.23"]
[EventType "k.o."]
[EventRounds "8"]
[EventCountry "TUR"]
[SourceTitle "CBM 193 Extra"]
[Source "ChessBase"]
[SourceDate "2020.01.31"]
[SourceVersion "1"]
[SourceVersionDate "2020.01.31"]
[SourceQuality "1"]

1. e4 e5 2. Nf3 Nc6 3. Bb5 a6 4. Ba4 Nf6 5. 0-0 b5 6. Bb3 Bb7 7. Re1 Bc5 8. c3 d6 9. d4 Bb6 10. Bg5 h6 11. Bh4 g5 12. Bg3 0-0 13. Qd3 Nh5 14. Nbd2 Qf6 15. dxe5 dxe5 16. Nf1 Rad8 17. Bd5 Nf4 18. Bxf4 gxf4 19. Qc2 Kh8 20. c4 bxc4 21. Qxc4 Rde8 0-1

[Event "Istanbul Redbull Masters"]
[Site "Istanbul"]
[Date "2019.11.24"]
[Round "7.4"]
[White "Yildiz Kadioglu, Betul Cemre"]
[Black "Kalayci, Nino"]
[Result "1-0"]
[WhiteElo "2338"]
[BlackElo "1852"]
[PlyCount "55"]
[EventDate "2019.11.23"]
[EventType "k.o."]
[EventRounds "8"]
[EventCountry "TUR"]
[SourceTitle "CBM 193 Extra"]
[Source "ChessBase"]
[SourceDate "2020.01.31"]
[SourceVersion "1"]
[SourceVersionDate "2020.01.31"]
[SourceQuality "1"]

1. d4 d5 2. Nf3 Nf6 3. c4 e6 4. g3 c6 5. Bg2 Be7 6. 0-0 0-0 7. Qc2 Nbd7 8. Nbd2 Re8 9. e4 dxe4 10. Nxe4 Nxe4 11. Qxe4 Nf6 12. Qe2 h6 13. Rd1 Bd6 14. Ne5 Qe7 15. Bf4 c5 16. dxc5 Bxc5 17. Nd3 Bd6 18. Bxd6 Qxd6 19. Qe5 Qe7 20. h3 Nd7 21. Qc7 Nb6 22. Qxe7 Rxe7 23. b3 Nd7 24. Nf4 Rb8 25. Rd6 b5 26. cxb5 Rxb5 27. Rc1 Bb7 28. Rc7 1-0

[Event "Istanbul Redbull Masters"]
[Site "Istanbul"]
[Date "2019.11.24"]
[Round "5.4"]
[White "Yildiz Kadioglu, Betul Cemre"]
[Black "Yanik, Sural Emine"]
[Result "1-0"]
[WhiteElo "2338"]
[BlackElo "1834"]
[PlyCount "55"]
[EventDate "2019.11.23"]
[EventType "k.o."]
[EventRounds "8"]
[EventCountry "TUR"]
[SourceTitle "CBM 193 Extra"]
[Source "ChessBase"]
[SourceDate "2020.01.31"]
[SourceVersion "1"]
[SourceVersionDate "2020.01.31"]
[SourceQuality "1"]

1. d4 d5 2. Nf3 Nf6 3. c4 c6 4. e3 e6 5. Nbd2 Bd6 6. Bd3 Nbd7 7. 0-0 0-0 8. e4 dxe4 9. Nxe4 Nxe4 10. Bxe4 f5 11. Bc2 Nf6 12. Qe2 Qc7 13. Bg5 Bf4 14. Bxf4 Qxf4 15. Qe5 Qh6 16. Rad1 Ng4 17. Qd6 Qf6 18. h3 Rd8 19. Qf4 Nh6 20. Qe5 Qe7 21. Qe2 Qf6 22. Qe5 Qe7 23. Rfe1 Nf7 24. Qxf5 g6 25. Qf4 Rf8 26. Qg3 Nd6 27. b3 Qf6 28. Qxd6 1-0

[Event "EU-chT (Women) 22nd"]
[Site "Batumi"]
[Date "2019.11.02"]
[Round "9.2"]
[White "Yildiz Kadioglu, Betul Cemre"]
[Black "Lagno, Kateryna"]
[Result "0-1"]
[WhiteElo "2338"]
[BlackElo "2549"]
[PlyCount "96"]
[EventDate "2019.10.24"]
[EventType "team-swiss"]
[EventRounds "9"]
[EventCountry "GEO"]
[SourceTitle "CBM 192 Extra"]
[Source "Chessbase"]
[SourceDate "2019.11.06"]
[SourceVersion "1"]
[SourceVersionDate "2019.11.06"]
[SourceQuality "1"]
[WhiteTeam "Turkey (W)"]
[BlackTeam "Russia (W)"]
[WhiteTeamCountry "TUR"]
[BlackTeamCountry "RUS"]

1. d4 Nf6 2. c4 g6 3. Nc3 d5 4. cxd5 Nxd5 5. Bd2 Bg7 6. e4 Nxc3 7. Bxc3 0-0 8. Qd2 Nc6 9. Nf3 Bg4 10. d5 Bxf3 11. Bxg7 Kxg7 12. gxf3 Ne5 13. 0-0-0 f6 14. f4 Nf7 15. Bh3 c6 16. Rhe1 Qb6 17. Be6 a5 18. Bxf7 Rxf7 19. Kb1 Rd8 20. Re3 a4 21. a3 Qc7 22. Rd3 cxd5 23. Rxd5 Rxd5 24. exd5 Qd7 25. Qe3 Qd6 26. Rd4 b5 27. h4 Rf8 28. Qe2 Qc5 29. Rd3 Qd6 30. h5 b4 31. axb4 Qxb4 32. d6 a3 33. dxe7 Re8 34. Rxa3 Rxe7 35. Re3 Rxe3 36. fxe3 Qe4+ 37. Kc1 gxh5 38. Qxh5 Qxe3+ 39. Kc2 Qxf4 40. Qc5 Kg6 41. Qf8 Qc4+ 42. Kb1 h5 43. b4 h4 44. Qe8+ Kg5 45. b5 Qb3+ 46. Kc1 h3 47. Qe2 Qg3 48. b6 h2 0-1

[Event "EU-chT (Women) 22nd"]
[Site "Batumi"]
[Date "2019.10.27"]
[Round "4.4"]
[White "Gaponenko, Inna"]
[Black "Yildiz Kadioglu, Betul Cemre"]
[Result "1/2-1/2"]
[WhiteElo "2427"]
[BlackElo "2338"]
[PlyCount "114"]
[EventDate "2019.10.24"]
[EventType "team-swiss"]
[EventRounds "9"]
[EventCountry "GEO"]
[SourceTitle "CBM 192 Extra"]
[Source "Chessbase"]
[SourceDate "2019.11.06"]
[SourceVersion "1"]
[SourceVersionDate "2019.11.06"]
[SourceQuality "1"]
[WhiteTeam "Ukraine (W)"]
[BlackTeam "Turkey (W)"]
[WhiteTeamCountry "UKR"]
[BlackTeamCountry "TUR"]

1. e4 e5 2. Nf3 Nf6 3. d4 Nxe4 4. Bd3 d5 5. Nxe5 Nd7 6. Nc3 Nxc3 7. bxc3 Nxe5 8. dxe5 Bc5 9. 0-0 c6 10. Qh5 Be6 11. Rb1 Qd7 12. Bg5 b6 13. Rfe1 Bg4 14. Qh4 Qe6 15. Be3 Bxe3 16. Rxe3 Bf5 17. Qg5 Bg6 18. f4 h6 19. Qg3 0-0-0 20. Qh3 Qxh3 21. Rxh3 Bxd3 22. cxd3 d4 23. c4 Rde8 24. Re1 Re7 25. Rg3 f6 26. e6 f5 27. Re5 Rf8 28. Rg6 Kc7 29. h4 Kd6 30. Kf2 a6 31. a4 Kc7 32. h5 Kd6 33. Kf3 Rf6 34. Rxf6 gxf6 35. Rxf5 Rxe6 36. Kg4 Ke7 37. a5 bxa5 38. Rxa5 Re3 39. Rxa6 Kd6 40. Kf5 Rxd3 41. Kxf6 Rg3 42. Ra2 Kc5 43. f5 d3 44. Ke7 Re3+ 45. Kd7 Re2 46. Ra1 d2 47. f6 Rxg2 48. f7 Rf2 49. Ke7 Kxc4 50. f8Q Rxf8 51. Kxf8 Kd3 52. Kg7 c5 53. Kxh6 c4 54. Kg6 c3 55. h6 c2 56. h7 d1Q 57. Rxd1+ cxd1Q 1/2-1/2

[Event "EU-chT (Women) 22nd"]
[Site "Batumi"]
[Date "2019.10.25"]
[Round "2.2"]
[White "Javakhishvili, Lela"]
[Black "Yildiz Kadioglu, Betul Cemre"]
[Result "1-0"]
[WhiteElo "2457"]
[BlackElo "2338"]
[PlyCount "57"]
[EventDate "2019.10.24"]
[EventType "team-swiss"]
[EventRounds "9"]
[EventCountry "GEO"]
[SourceTitle "CBM 192 Extra"]
[Source "Chessbase"]
[SourceDate "2019.11.06"]
[SourceVersion "1"]
[SourceVersionDate "2019.11.06"]
[SourceQuality "1"]
[WhiteTeam "Georgia (W)"]
[BlackTeam "Turkey (W)"]
[WhiteTeamCountry "GEO"]
[BlackTeamCountry "TUR"]

1. d4 d5 2. c4 dxc4 3. Nf3 c5 4. e4 cxd4 5. Bxc4 Nc6 6. 0-0 e6 7. Nbd2 Bc5 8. e5 Bb6 9. b4 Nge7 10. b5 Nb4 11. Ne4 0-0 12. Ba3 a5 13. bxa6 Nbc6 14. Bd3 bxa6 15. Rc1 f6 16. exf6 gxf6 17. Qd2 Rf7 18. Nd6 Rg7 19. Bc4 Bd7 20. Qe2 Nd5 21. Qe4 Nc7 22. Nf5 Rg6 23. Rfd1 Kh8 24. N5xd4 Nxd4 25. Nxd4 Qe8 26. Be2 Rg5 27. Nf3 Rd5 28. Bb2 Qe7 29. Rxc7 1-0

[Event "TUR-chT"]
[Site "Konya"]
[Date "2019.07.28"]
[Round "13.4"]
[White "Mammadzada, Gunay Vuqar Qizi"]
[Black "Yildiz Kadioglu, Betul Cemre"]
[Result "1/2-1/2"]
[WhiteElo "2427"]
[BlackElo "2290"]
[PlyCount "89"]
[EventDate "2019.07.17"]
[EventType "team-tourn"]
[EventRounds "13"]
[EventCountry "TUR"]
[SourceTitle "CBM 191 Extra"]
[Source "ChessBase"]
[SourceDate "2019.09.30"]
[SourceVersion "1"]
[SourceVersionDate "2019.09.30"]
[SourceQuality "1"]
[WhiteTeam "Karaman Belediye"]
[BlackTeam "Turk Hava Yollari"]
[WhiteTeamCountry "TUR"]
[BlackTeamCountry "TUR"]

1. e4 e5 2. Nf3 Nc6 3. Bb5 Nf6 4. 0-0 Nxe4 5. d4 Nd6 6. dxe5 Nxb5 7. a4 Nbd4 8. Nxd4 d5 9. Nxc6 bxc6 10. Nd2 Be7 11. Nb3 c5 12. Na5 Qd7 13. c4 d4 14. f4 Qg4 15. Qb3 0-0 16. Bd2 Qg6 17. Qf3 Bf5 18. Rae1 Rfe8 19. Nc6 Bf8 20. b3 h5 21. h3 h4 22. Kh2 Bd7 23. Na5 Bf5 24. Rg1 Qg3+ 25. Qxg3 hxg3+ 26. Kxg3 Rab8 27. Rc1 f6 28. Rge1 fxe5 29. Rxe5 Rxe5 30. fxe5 Rb6 31. b4 cxb4 32. c5 Re6 33. Bxb4 Rxe5 34. Nc6 Rd5 35. Nxa7 d3 36. Nb5 d2 37. Rd1 Bc2 38. Rxd2 Rxd2 39. Bxd2 Bxa4 40. Nxc7 Bxc5 41. Ne6 Be7 42. Bc3 g6 43. Be5 Kf7 44. Nd4 Bc5 45. Nf3 1/2-1/2

[Event "TUR-chT"]
[Site "Konya"]
[Date "2019.07.26"]
[Round "11.3"]
[White "Injac, Teodora"]
[Black "Yildiz Kadioglu, Betul Cemre"]
[Result "0-1"]
[WhiteElo "2305"]
[BlackElo "2290"]
[PlyCount "76"]
[EventDate "2019.07.17"]
[EventType "team-tourn"]
[EventRounds "13"]
[EventCountry "TUR"]
[SourceTitle "CBM 191 Extra"]
[Source "ChessBase"]
[SourceDate "2019.09.30"]
[SourceVersion "1"]
[SourceVersionDate "2019.09.30"]
[SourceQuality "1"]
[WhiteTeam "Kahramanmaras Buyuksehir"]
[BlackTeam "Turk Hava Yollari"]
[WhiteTeamCountry "TUR"]
[BlackTeamCountry "TUR"]

1. Nf3 d5 2. g3 Nf6 3. Bg2 b5 4. a4 b4 5. c4 e6 6. cxd5 exd5 7. 0-0 Bd6 8. d4 0-0 9. Nbd2 Nbd7 10. a5 Ba6 11. Re1 Re8 12. Nh4 g6 13. e4 dxe4 14. Nxe4 Nxe4 15. Bxe4 Rb8 16. Bh6 Nf6 17. Bf3 Rxe1+ 18. Qxe1 Qe8 19. Qd2 Qb5 20. d5 Qd3 21. Qxd3 Bxd3 22. Be3 a6 23. Bd4 Nd7 24. Rd1 Bb5 25. Bg2 Nc5 26. Nf3 Nb3 27. Bf6 Nxa5 28. Nd4 Bc4 29. Nc6 Nxc6 30. dxc6 Re8 31. Bh3 Bb5 32. Bd7 Re2 33. Bg4 Rc2 34. h4 h5 35. Re1 hxg4 36. Re8+ Bf8 37. Be7 Rc1+ 38. Kh2 Rh1+ 0-1

[Event "TUR-chT"]
[Site "Konya"]
[Date "2019.07.25"]
[Round "10.6"]
[White "Yildiz Kadioglu, Betul Cemre"]
[Black "Tsolakidou, Stavroula"]
[Result "1/2-1/2"]
[WhiteElo "2290"]
[BlackElo "2423"]
[PlyCount "64"]
[EventDate "2019.07.17"]
[EventType "team-tourn"]
[EventRounds "13"]
[EventCountry "TUR"]
[SourceTitle "CBM 191 Extra"]
[Source "ChessBase"]
[SourceDate "2019.09.30"]
[SourceVersion "1"]
[SourceVersionDate "2019.09.30"]
[SourceQuality "1"]
[WhiteTeam "Turk Hava Yollari"]
[BlackTeam "Tas Duvar"]
[WhiteTeamCountry "TUR"]
[BlackTeamCountry "TUR"]

1. e4 c5 2. c3 d5 3. exd5 Qxd5 4. d4 Nf6 5. Nf3 e6 6. Na3 a6 7. Nc2 Nbd7 8. Be2 Be7 9. 0-0 0-0 10. c4 Qd6 11. dxc5 Qxc5 12. Qd4 Qc6 13. Bf4 b6 14. Rad1 Bb7 15. Ne3 Bc5 16. Qc3 Rad8 17. b4 Ne4 18. Qb2 Be7 19. Ne5 Qa4 20. Nxd7 Rxd7 21. Rxd7 Qxd7 22. Be5 f6 23. Bd4 Bxb4 24. Bxb6 Bc3 25. Qc2 Be5 26. Rd1 Qc6 27. Bd4 Bb8 28. Bf3 Rc8 29. Bb2 Ba7 30. Bd4 Bb8 31. Bb2 Ba7 32. Bd4 Bb8 1/2-1/2

[Event "TUR-chT"]
[Site "Konya"]
[Date "2019.07.21"]
[Round "5.2"]
[White "Yildiz Kadioglu, Betul Cemre"]
[Black "Cyfka, Karina"]
[Result "1/2-1/2"]
[WhiteElo "2290"]
[BlackElo "2425"]
[PlyCount "62"]
[EventDate "2019.07.17"]
[EventType "team-tourn"]
[EventRounds "13"]
[EventCountry "TUR"]
[SourceTitle "CBM 191 Extra"]
[Source "ChessBase"]
[SourceDate "2019.09.30"]
[SourceVersion "1"]
[SourceVersionDate "2019.09.30"]
[SourceQuality "1"]
[WhiteTeam "Turk Hava Yollari"]
[BlackTeam "Hatay Buyuksehir"]
[WhiteTeamCountry "TUR"]
[BlackTeamCountry "TUR"]

1. Nf3 Nf6 2. g3 b5 3. Bg2 Bb7 4. 0-0 e6 5. d3 Be7 6. e4 d6 7. a4 b4 8. c3 bxc3 9. bxc3 Nbd7 10. a5 a6 11. Nbd2 0-0 12. Qe2 c5 13. d4 cxd4 14. cxd4 Bc6 15. Rd1 Bb5 16. Qe1 Rb8 17. Nb1 Qc7 18. Nc3 Bc4 19. Bd2 Rfc8 20. Rdc1 Qa7 21. Be3 d5 22. Bf4 Ra8 23. e5 Ne8 24. Na4 Rab8 25. Rab1 Nc7 26. Be3 Rxb1 27. Rxb1 Nb5 28. Nb2 Na3 29. Rc1 Qb7 30. Nxc4 Nxc4 31. Rb1 Qc7 1/2-1/2

[Event "EU-ch (Women) 20th"]
[Site "Antalya"]
[Date "2019.04.22"]
[Round "11"]
[White "Yildiz Kadioglu, Betul Cemre"]
[Black "Hapala, Elisabeth"]
[Result "1-0"]
[WhiteElo "2281"]
[BlackElo "2140"]
[PlyCount "91"]
[EventDate "2019.04.11"]
[EventType "swiss"]
[EventRounds "11"]
[EventCountry "TUR"]
[SourceTitle "CBM 190"]
[Source "ChessBase"]
[SourceDate "2019.06.30"]
[SourceVersion "1"]
[SourceVersionDate "2019.06.30"]
[SourceQuality "1"]

1. d4 Nf6 2. Nf3 e6 3. c4 Bb4+ 4. Nbd2 0-0 5. e3 d5 6. a3 Be7 7. Bd3 b6 8. cxd5 exd5 9. b4 Bb7 10. Qc2 Nbd7 11. Ne5 Bd6 12. Bb2 a6 13. 0-0 Re8 14. f4 Nf8 15. Rfe1 Rc8 16. Nc6 Qd7 17. b5 Ra8 18. Ne5 Qe7 19. a4 axb5 20. axb5 Rxa1 21. Rxa1 Ra8 22. Rxa8 Bxa8 23. Qa4 Qe8 24. Ba3 Bxa3 25. Qxa3 Bb7 26. Qa7 Qa8 27. Qxa8 Bxa8 28. Nb1 N8d7 29. Nc3 Bb7 30. h3 Kf8 31. Na2 Nxe5 32. fxe5 Ne4 33. Bxe4 dxe4 34. Nb4 Ke7 35. d5 Bc8 36. Nc6+ Kd7 37. Kf2 f5 38. h4 g6 39. Kg3 Bb7 40. Nb4 h6 41. Kf4 Ke7 42. h5 Kf7 43. e6+ Kf6 44. hxg6 Kxg6 45. Ke5 Bc8 46. Nc6 1-0

[Event "EU-ch (Women) 20th"]
[Site "Antalya"]
[Date "2019.04.16"]
[Round "6"]
[White "Rapport, Jovana"]
[Black "Yildiz Kadioglu, Betul Cemre"]
[Result "0-1"]
[WhiteElo "2385"]
[BlackElo "2281"]
[PlyCount "118"]
[EventDate "2019.04.11"]
[EventType "swiss"]
[EventRounds "11"]
[EventCountry "TUR"]
[SourceTitle "CBM 190"]
[Source "ChessBase"]
[SourceDate "2019.06.30"]
[SourceVersion "1"]
[SourceVersionDate "2019.06.30"]
[SourceQuality "1"]

1. Nf3 d5 2. g3 c5 3. Bg2 Nc6 4. d4 e6 5. 0-0 Nf6 6. c4 dxc4 7. dxc5 Qxd1 8. Rxd1 Bxc5 9. Nbd2 c3 10. bxc3 0-0 11. Ne1 Rd8 12. Nd3 Bf8 13. Rb1 Nd5 14. Bb2 b6 15. c4 Nde7 16. Ne5 Bb7 17. Nb3 Rxd1+ 18. Rxd1 Rd8 19. Rd7 Bc8 20. Rxd8 Nxd8 21. c5 bxc5 22. Nxc5 Ng6 23. Ned3 f6 24. f4 Bd6 25. h4 Nf8 26. Bd4 Bc7 27. Bf2 Bb6 28. e4 Nd7 29. e5 Nxc5 30. Nxc5 fxe5 31. fxe5 Nf7 32. Nd3 Ba6 33. Nc5 Bc4 34. Nd7 Bxf2+ 35. Kxf2 Bxa2 36. Ke3 Nh6 37. Be4 Nf5+ 38. Kf4 Nd4 39. Nc5 Ne2+ 40. Kf3 Nc3 41. Bc2 a5 42. Ke3 Bd5 43. Na4 Na2 44. Nb6 Nb4 45. Ba4 Kf7 46. Kd4 Nc6+ 47. Kc5 Nxe5 48. Nxd5 exd5 49. Kxd5 Kf6 50. Bc2 h5 51. Ke4 g6 52. Kf4 Nc4 53. Bb3 Nb2 54. g4 a4 55. g5+ Ke7 56. Bg8 Nd3+ 57. Ke3 Ne5 58. Ba2 a3 59. Ke4 Nc6 0-1

[Event "EU-ch (Women) 20th"]
[Site "Antalya"]
[Date "2019.04.13"]
[Round "3"]
[White "Yildiz Kadioglu, Betul Cemre"]
[Black "De Seroux, Camille"]
[Result "0-1"]
[WhiteElo "2281"]
[BlackElo "2151"]
[PlyCount "138"]
[EventDate "2019.04.11"]
[EventType "swiss"]
[EventRounds "11"]
[EventCountry "TUR"]
[SourceTitle "CBM 190"]
[Source "ChessBase"]
[SourceDate "2019.06.30"]
[SourceVersion "1"]
[SourceVersionDate "2019.06.30"]
[SourceQuality "1"]

1. d4 Nf6 2. c4 c5 3. d5 b5 4. cxb5 a6 5. b6 Qxb6 6. Nc3 d6 7. e4 g6 8. Be2 Bg7 9. Nf3 Nbd7 10. 0-0 0-0 11. Nd2 Qc7 12. a4 Rb8 13. a5 e6 14. Nc4 Re8 15. Bf4 Ne5 16. Nxe5 dxe5 17. d6 Qa7 18. Bxe5 Rxb2 19. Rb1 Rxb1 20. Qxb1 Nd7 21. Bxg7 Kxg7 22. Na4 Qb7 23. Nb6 Qc6 24. Rd1 Bb7 25. Nxd7 Qxd7 26. e5 Rc8 27. Bc4 Qc6 28. f3 Rd8 29. Qb3 Rd7 30. Rb1 Kg8 31. Qc2 Qc8 32. Rb6 Kg7 33. Qd3 Qd8 34. Qe3 Qh4 35. Bf1 c4 36. g3 Qh5 37. Be2 Qf5 38. Bxc4 Bxf3 39. Bd3 Qh5 40. Bxa6 Bd5 41. Be2 Qf5 42. g4 Qc2 43. g5 Rd8 44. a6 Qa2 45. Qf4 Qa1+ 46. Kf2 Kg8 47. Rb4 Qh1 48. Bf1 Ba8 49. Rc4 Rb8 50. Rc2 Qd5 51. Rd2 Qc5+ 52. Qe3 Qb4 53. Kg3 Qa4 54. d7 Rd8 55. Rd4 Qc6 56. Qd3 Qc5 57. Kf4 Bc6 58. Qc4 Qb6 59. Qb4 Qa7 60. Be2 Rxd7 61. Ke3 Kg7 62. Qc4 Bb5 63. Qxb5 Qxd4+ 64. Kf3 Qc3+ 65. Kf2 Qd4+ 66. Kf3 Qc3+ 67. Kf2 Rd5 68. Qc4 Qxc4 69. Bxc4 Rxe5 0-1

[Event "TUR-ch (Women)"]
[Site "Antalya"]
[Date "2019.03.08"]
[Round "8"]
[White "Duran, Esma Doga"]
[Black "Yildiz Kadioglu, Betul Cemre"]
[Result "1/2-1/2"]
[WhiteElo "2081"]
[BlackElo "2264"]
[PlyCount "64"]
[EventDate "2019.03.03"]
[EventType "swiss"]
[EventRounds "9"]
[EventCountry "TUR"]
[SourceTitle "CBM 189 Extra"]
[Source "ChessBase"]
[SourceDate "2019.05.31"]
[SourceVersion "1"]
[SourceVersionDate "2019.05.31"]
[SourceQuality "1"]

1. d4 d5 2. c4 e6 3. g3 c6 4. Bg2 Nf6 5. Nf3 Bb4+ 6. Bd2 Bxd2+ 7. Nbxd2 0-0 8. 0-0 Nbd7 9. Qc2 Qe7 10. e4 dxe4 11. Nxe4 Nxe4 12. Qxe4 Nf6 13. Qe3 Qb4 14. b3 a5 15. a3 Qe7 16. Ne5 Bd7 17. c5 Nd5 18. Qd2 Rfb8 19. Nc4 Qd8 20. b4 axb4 21. axb4 Rxa1 22. Rxa1 Ra8 23. Qb2 Qb8 24. Ra3 Nc7 25. Nd6 Rxa3 26. Qxa3 Nb5 27. Nxb5 cxb5 28. d5 exd5 29. Bxd5 Bc6 30. Qd3 Qe8 31. Kf1 g6 32. Bxc6 bxc6 1/2-1/2